Les plus gros transferts du football - Arrières droits - 2013-2014 - Statistiques

Statistiques générales
  • Ce quiz a été pris 21 fois
  • Le résultat moyen est 3 sur 10
Statistiques - réponses
Montant de transfert (M €) Nationalité Venant de Allant à Joueur % Correct
6,50 Espagne Bayer Leverkusen Real Madrid Daniel Carvajal
95%
20,00 Espagne FC Sevilla Manchester City Jesús Navas
95%
4,88 Croatie Dinamo Zagreb Genoa Sime Vrsaljko
40%
2,40 Uruguay Peñarol Manchester United U21 Guillermo Varela
15%
3,72 Argentine Vélez Sarsfield Catania Calcio Gino Peruzzi
10%
3,00 Italie Inter Bayer Leverkusen Giulio Donati
10%
6,00 Russie Krasnodar Zenti S-Pb Igor Smolnikov
5%
3,00 Russie Anzhi Loko Moskau Arseniy Logashov
0%
3,00 Grèce Panathinaikos AFC Sunderland Charalampos Mavrias
0%
3,40 Brésil Ponte Preta Santos Cicinho
0%
Aucun quiz correspondant
Distribution des résultats
% des personnes avec chaque résultat
Percentile par nombre de réponses
Votre historique - résultats
Vous n’avez pas pris ce quiz